О сверхзвуковом течении газа в плоском канале с осциллирующей верхней стенкой; Перспективы развития фундаментальных наук; Т. 1 : Физика
| Parent link: | Перспективы развития фундаментальных наук=Prospects of Fundamental Sciences Development: сборник научных трудов XV Международной конференции студентов, аспирантов и молодых ученых, г. Томск, 24-27 апреля 2018 г./ Национальный исследовательский Томский политехнический университет (ТПУ) ; под ред. И. А. Курзиной, Г. А. Вороновой.— , 2018 Т. 1 : Физика.— 2018.— [С. 247-249] |
|---|---|
| Hoofdauteur: | |
| Coauteur: | |
| Andere auteurs: | |
| Samenvatting: | Заглавие с экрана In the present paper we solve the problem of supersonic gas flow in two-dimensional channel with the moving upper wall making oscillations according to the harmonic law. In order to get a numerical solution for gas dynamics equations we have implemented a difference scheme with space and time approximation of the first order and one with space approximation of the second order. Depending on a type of harmonic law and initial gas inflow conditions, the peculiarities of angle-shock wave propagation in moving curvilinear domains have been investigated. It has been determined that the increase of oscillation amplitude causes the increase of shock wave intensity. It has been shown that under particular oscillation amplitude the moving wall has practically no effect on the flow within the domain. |
| Taal: | Russisch |
| Gepubliceerd in: |
2018
|
| Onderwerpen: | |
| Online toegang: | http://earchive.tpu.ru/handle/11683/51000 |
| Formaat: | MixedMaterials Elektronisch Hoofdstuk |
| KOHA link: | https://koha.lib.tpu.ru/cgi-bin/koha/opac-detail.pl?biblionumber=627437 |
MARC
| LEADER | 00000naa2a2200000 4500 | ||
|---|---|---|---|
| 001 | 627437 | ||
| 005 | 20231101133448.0 | ||
| 035 | |a (RuTPU)RU\TPU\conf\27261 | ||
| 035 | |a RU\TPU\conf\27260 | ||
| 090 | |a 627437 | ||
| 100 | |a 20180906d2018 k y0rusy50 ca | ||
| 101 | 0 | |a rus |d eng | |
| 102 | |a RU | ||
| 105 | |a y z 100zy | ||
| 135 | |a drgn ---uucaa | ||
| 181 | 0 | |a i | |
| 182 | 0 | |a b | |
| 200 | 1 | |a О сверхзвуковом течении газа в плоском канале с осциллирующей верхней стенкой |d On the problem of supersonic gas flow in two-dimensional channel with the oscillating upper wall |f Е. В. Перчаткина |g науч. рук. Л. Л. Миньков | |
| 203 | |a Текст |c электронный | ||
| 230 | |a 1 компьютерный файл (pdf; 192 Kb) | ||
| 300 | |a Заглавие с экрана | ||
| 320 | |a [Библиогр.: с. 249 (3 назв.)] | ||
| 330 | |a In the present paper we solve the problem of supersonic gas flow in two-dimensional channel with the moving upper wall making oscillations according to the harmonic law. In order to get a numerical solution for gas dynamics equations we have implemented a difference scheme with space and time approximation of the first order and one with space approximation of the second order. Depending on a type of harmonic law and initial gas inflow conditions, the peculiarities of angle-shock wave propagation in moving curvilinear domains have been investigated. It has been determined that the increase of oscillation amplitude causes the increase of shock wave intensity. It has been shown that under particular oscillation amplitude the moving wall has practically no effect on the flow within the domain. | ||
| 461 | 1 | |0 (RuTPU)RU\TPU\conf\26928 |t Перспективы развития фундаментальных наук |l Prospects of Fundamental Sciences Development |o сборник научных трудов XV Международной конференции студентов, аспирантов и молодых ученых, г. Томск, 24-27 апреля 2018 г. |o в 7 т. |f Национальный исследовательский Томский политехнический университет (ТПУ) ; под ред. И. А. Курзиной, Г. А. Вороновой |d 2018 | |
| 463 | 1 | |0 (RuTPU)RU\TPU\conf\26929 |t Т. 1 : Физика |v [С. 247-249] |d 2018 | |
| 510 | 1 | |a On the problem of supersonic gas flow in two-dimensional channel with the oscillating upper wall |z eng | |
| 610 | 1 | |a электронный ресурс | |
| 610 | 1 | |a сверхзвуковое течение | |
| 610 | 1 | |a газы | |
| 610 | 1 | |a плоские каналы | |
| 610 | 1 | |a стенки | |
| 610 | 1 | |a каналы | |
| 610 | 1 | |a сложные формы | |
| 700 | 1 | |a Перчаткина |b Е. В. | |
| 702 | 1 | |a Миньков |b Л. Л. |4 727 | |
| 712 | 0 | 2 | |a Национальный исследовательский Томский государственный университет (ТГУ) |c (2009- ) |2 stltpush |3 (RuTPU)RU\TPU\col\17230 |
| 801 | 2 | |a RU |b 63413507 |c 20181005 |g RCR | |
| 856 | 4 | |u http://earchive.tpu.ru/handle/11683/51000 | |
| 942 | |c BK | ||